Регионална библиотека "Любен Каравелов" - Русе

Дванайсетото откровение (Запис номер 132132)

MARC детайли
000 -Лидер
Контролно поле с фиксирана дължина 01508nam a2200337 c 4500
003 - Код на организацията, давaща контролен номер
Контролно поле BLK
005 - Дата и час на последна редакция
Контролно поле 20240711134950.0
008 - Елементи от данни с фиксирана дължина
fixed length control field 180409b bul|||||r ||||||| ||bul||
010 ## - Наследен системен номер
LC control number KNG00137980000
020 ## - Международен стандартен номер на книга ISBN
Международен стандартен номер на книга ISBN 978-954-655-219-8
-- издат.: Бард
040 ## - Източник на каталожния запис
Идентификатор на билиотеката - собственик на записа BLK
041 ## - Код за език
Код за езика на текст/звукозапис или на отделно заглавие Български
Код за езика КДБФ Български
072 #7 - Код за тематичната категория
Код организация bullib
Код за тематична категория Н83
Текст Чужда художествена литература Н
080 ## - УДК
Текстов определител УДК Американска литература (на САЩ)
УДК код - определител по УДК 821.111(73)
УДК определител -96
УДК - код + определител 821.111(73)-96
100 1# - Редна дума - Автор
Автор Редфийлд, Джеймс
Авторска отговорност първи автор
R(LIN) 115754
139 ## - Редно поле
Редна дума Редфийлд, Джеймс
Авторски знак Ред - Р 45
245 10 - Сведения за заглавието
Заглавие Дванайсетото откровение
Подзаглавни данни Часът на решението
Редно поле (дума) Джеймс Редфийлд; прев. Мария Кръстева.
257 ## - Страна на издаване
Страна на създаване/издаване Съединени американски щати
260 ## - Област на издателските данни
-- София
Име на издателя, разпространителя и проч. Бард
Година на издаване 2011
Печатница Хасково : Полиграфюг
300 ## - Физическа характеристика
Страници 272 с.
Размери/Мащаб 20 см
380 ## - Жанр
Жанр Худож. лит.
500 ## - Общи забележки
Забележка Ориг. загл. The twelfth insight / James Redfield. - Пълното име на прев. е Мария Кръстева Георгиева. - Кн. 5 от Селестинската поредица.
659 ## - Тематичен бюлетин
Тематичен бюлетин Н
700 1# - Други автори (авторска отговорност)
Лично име Кръстева, Мария
Дати, свързани с автора 1957 - 2011
Пълна форма на името Георгиева, Мария Кръстева
9 (RLIN) 53160
852 ## - Местоположение
Форматна сигнатура Цб 257669
856 4# - Електронен адрес и достъп
Електронен формат pdf - файл
Път до файла /url/
856 4# - Електронен адрес и достъп
Електронен формат pdf - файл
Път до файла /url/
942 ## - АРТИКУЛИ
Вид на библиотечния материал Книги
Скрит в OPAC Не
Koha issues (borrowed), all copies 7
944 ## - СЪЗДАВАНЕ И РЕДАКЦИЯ на ЗАПИСА
Създаване/Редакция Създаване
Дата на регистрацията/редакция 15.01.2013
Служител, извършил регистрацията/редакцията 30560
Статус, дата на статуса Геновева Генчева
944 ## - СЪЗДАВАНЕ И РЕДАКЦИЯ на ЗАПИСА
Създаване/Редакция Редакция
Дата на регистрацията/редакция 22.05.2013
Служител, извършил регистрацията/редакцията
999 ## - СИСТЕМНИ КОНТРОЛНИ НОМЕРА
Koha biblionumber 132132
Koha biblioitemnumber 132132
Наличности
Код за отписване Код за изгубен артикул Код за повреда Коз за рестрикции Код за отдаване Артикулен № Име на библиотеката - собственик Име на библиотеката, в която се намира в момента Статус (Текущо местоположение) Дата на вписване в системата Местоположение - отдел Цена в лева Инвентарен номер Систематично азбучна сигнатура Баркод Номер на екземпляра Цена в евро Служебна бележка Служебен тип на артикула Източник на класификационната схема
  Не е изгубен Не е повреден без рестрикции ползва се в читалня 215591 Регионална библиотека "Любен Каравелов" Русе Регионална библиотека "Любен Каравелов" Русе Хранилище 2013-01-10 Хранилище 12.99 120000762837 Цб 257669 120000762837 1 6.64 Дост: Dp Вид: Д N: 37 Дата: 12.09.2011 Книги  
  Не е изгубен Не е повреден без рестрикции заемане за дома 729622 Регионална библиотека "Любен Каравелов" Русе Регионална библиотека "Любен Каравелов" Русе Заемна - подръчен фонд 2019-07-10 Заемна - подръчен фонд 12.99   П 820(73)-9/Р 45 120000833570   6.64   Книги Universal Decimal Classification
Vip Innovations Ltd, Rousse, Bulgaria 2025